Projektový management v praxi naučte se řídit projekty!

Podrobná bibliografia
Hlavní autori: Doležal, Jan, 1979- (Autor), Krátký, Jiří, 1978- (Autor)
Médium: Kniha
Jazyk:čeština
Fyzický popis:171 s. ilustr., sch., tab. 24 cm
Vydavateľské údaje: Praha Grada 2017
ISBN:9788024756936
Vydanie:1. vyd.
Predmet:

MARC

LEADER 00000cam a2200000 a 4500
001 vtls011597118
003 SK-MaSNL
005 20260301141441.0
008 240318s2017 xr dal g nf 000 0 cze
020 |a 9788024756936  |q (brož.) 
040 |a SNK  |b slo  |c SNK  |e AACR2 
041 0 |a cze 
044 |a xr  |c CZ 
072 7 |a 005  |x Manažment. Riadenie  |2 konspekt 
080 |a 005.8  |2 2011 
080 |a (035)  |2 2011 
100 1 |a Doležal, Jan,  |d 1979-  |4 aut  |9 495531 
245 1 0 |a Projektový management v praxi  |b naučte se řídit projekty!  |c Jan Doležal, Jiří Krátký 
250 |a 1. vyd. 
260 |a Praha  |b Grada  |c 2017 
300 |a 171 s.  |b ilustr., sch., tab.  |c 24 cm 
504 |a Bibliografia s. 171 
650 0 7 |a projektový manažment  |2 SNKPH  |9 937 
650 0 7 |a Project management  |2 SNKPHeng  |9 313543 
655 7 |a príručky  |2 SNKPH  |9 74364 
655 7 |a Handbooks, manuals, etc.  |2 SNKPHeng  |9 90964 
700 1 |a Krátký, Jiří,  |d 1978-  |4 aut  |9 495532 
852 |a Štátna vedecká knižnica v Banskej Bystrici 
919 |a 978-80-247-5693-6 
958 |a NB 
958 |a CZ 
999 |c 767166  |d 769096 
952 |t snkDOL 65.012.4  |a SNKUST  |b SNKUST  |y PREZ  |7 0  |p 17A1332064  |o snkIC 144074  |i snk2018/13002  |8 3  |g 9.04  |0 0  |1 0  |4 0  |d 2018-06-15  |l 0  |r 2025-04-28 00:00:00  |w 2026-02-24